000 01082nam a22002657a 4500
999 _c5652
_d5652
003 OSt
005 20251013114048.0
008 251013b ||||| |||| 00| 0 eng d
020 _a9781474915083
_qbook set
040 _cKH8
082 _aFIC CAS
100 _aCastor, Harriet,
_eauthor.
245 _aThe Dinosaurs Next Door /
_cHarriet Castor ; adapted by Lesley Sims ; illustrated by Teri Gower.
260 _aEngland ;
_bUsborne Publishing Ltd ,
_c2007.
300 _a48 pages :
_bcolour illustrations ;
_c20 cm.
490 _aUsborne Young Reading
_vseries one
520 _aThe eccentric Mr. Puff lives next door to Sam in a house full of interesting things. Best of all is the basket of giant dinosaur eggs - until they begin to hatch. The trouble with dinosaurs is that they grow... and grow. Something needs to be done, and fast!
650 _aEasy reading
_vfiction
650 _aStory book
_vfiction
650 _aYoung readers
700 _aSims, Lesley,
_eadaptor.
700 _aGower, Teri,
_eillustrator.
830 _aUsborne Young Reading
942 _2ddc
_cFIC